DICTIONARY OF ACCOUNTING (Record no. 26770)

000 -LEADER
fixed length control field 00338nam a2200145Ia 4500
008 - FIXED-LENGTH DATA ELEMENTS--GENERAL INFORMATION
fixed length control field 200615s9999||||xx |||||||||||||| ||und||
020 ## - INTERNATIONAL STANDARD BOOK NUMBER
International Standard Book Number 9788174733979
082 ## - DEWEY DECIMAL CLASSIFICATION NUMBER
Classification number 650
Item number DIC-J
100 ## - MAIN ENTRY--PERSONAL NAME
Personal name JAIN,NAVEEN CHAND
245 #0 - TITLE STATEMENT
Title DICTIONARY OF ACCOUNTING
250 ## - EDITION STATEMENT
Edition statement 2ND
260 ## - PUBLICATION, DISTRIBUTION, ETC.
Place of publication, distribution, etc. New Delhi
Name of publisher, distributor, etc. AITBS
Date of publication, distribution, etc. 2018
300 ## - PHYSICAL DESCRIPTION
Extent 252
942 ## - ADDED ENTRY ELEMENTS (KOHA)
Koha item type Book
Holdings
Withdrawn status Lost status Damaged status Not for loan Collection code Permanent Location Current Location Shelving location Date acquired Total Checkouts Full call number Barcode Date last seen Price effective from Koha item type
        School of Management Maharishi School of Business & Management (Lucknow) Maharishi School of Business & Management (Lucknow) R64S2 2020-06-15   658 SOM05904 2020-06-15 2020-06-15 Reference Book

All Rights Reserved@MUIT

Powered by Koha